Biggest sources of immigrants to Missouri - Statistics

General Stats
  • This quiz has been taken 25 times
  • The average score is 8 of 10
Answer Stats
Hint Answer % Correct
36,015 Mexico
100%
4,841 Canada
91%
14,379 China
86%
23,056 India
86%
5,183 United Kingdom
86%
7,967 Germany
73%
9,191 Korea
73%
8,221 Vietnam
73%
5,064 El Salvador
64%
11,622 Philippines
59%
No matching quizzes found
Score Distribution
Percent of People with Each Score
Percentile by Number Answered
Your Score History
You have not taken this quiz